<?xml version="1.0" encoding="UTF-8"?>
<collection xmlns="http://www.loc.gov/MARC21/slim">
 <record>
  <leader>01510nam a22001937a 4500</leader>
  <controlfield tag="001">NCT_4_005955</controlfield>
  <controlfield tag="008">240322b        xxu||||| |||| 00| 0 vie d</controlfield>
  <datafield tag="999" ind1=" " ind2=" ">
   <subfield code="c">8189</subfield>
   <subfield code="d">8189</subfield>
  </datafield>
  <datafield tag="020" ind1=" " ind2=" ">
   <subfield code="c">14000</subfield>
  </datafield>
  <datafield tag="082" ind1="0" ind2="4">
   <subfield code="2">23rd ed.</subfield>
   <subfield code="a">895.63</subfield>
   <subfield code="b">N313/T.13</subfield>
  </datafield>
  <datafield tag="100" ind1="1" ind2=" ">
   <subfield code="a">Nakamura, Yoshiki</subfield>
  </datafield>
  <datafield tag="245" ind1="1" ind2="0">
   <subfield code="a">Thiên đường Tokyo :</subfield>
   <subfield code="b">Truyện tranh </subfield>
   <subfield code="n">Tập 13</subfield>
   <subfield code="c">Yoshiki Nakamura</subfield>
  </datafield>
  <datafield tag="260" ind1=" " ind2=" ">
   <subfield code="a">Tp. Hồ Chí Minh </subfield>
   <subfield code="b">Trẻ</subfield>
   <subfield code="c">2009</subfield>
  </datafield>
  <datafield tag="300" ind1=" " ind2=" ">
   <subfield code="a">188 tr.</subfield>
   <subfield code="b">Tranh vẽ</subfield>
   <subfield code="c">18 cm</subfield>
  </datafield>
  <datafield tag="520" ind1="3" ind2=" ">
   <subfield code="a">Tokyo năm 2020, thành phố điên cuồng..., một thành phố được mệnh danh là thiên đường của ... thế giới băng đảng, tội ác. Trong cái thế giới hỗn loạn ấy, số phận con người thật nhỏ nhoi, ngắn ngủi. Ở đó, có hai người bạn cùng tuổi, học cùng lớp. Một người là con trai của một tay trùm xã hội đen, người kia là một cô gái có ba mẹ đều là cảnh sát. Tội thay! Cả hai cùng trở nên mồ côi cha mẹ chỉ cách nhau ít ngày... Và duyên số đã buộc họ lại với nhau bằng một sợi dây vô hình, không dứt ra được.</subfield>
  </datafield>
  <datafield tag="653" ind1=" " ind2=" ">
   <subfield code="a">Tham khảo</subfield>
  </datafield>
  <datafield tag="942" ind1=" " ind2=" ">
   <subfield code="2">ddc</subfield>
   <subfield code="c">BK</subfield>
  </datafield>
  <datafield tag="952" ind1=" " ind2=" ">
   <subfield code="0">0</subfield>
   <subfield code="1">0</subfield>
   <subfield code="2">ddc</subfield>
   <subfield code="4">0</subfield>
   <subfield code="6">895_630000000000000_N313_T_13</subfield>
   <subfield code="7">0</subfield>
   <subfield code="9">28737</subfield>
   <subfield code="a">000001</subfield>
   <subfield code="b">000001</subfield>
   <subfield code="d">2024-03-22</subfield>
   <subfield code="o">895.63 N313/T.13</subfield>
   <subfield code="p">TK.03972</subfield>
   <subfield code="r">2024-03-22</subfield>
   <subfield code="v">14000.00</subfield>
   <subfield code="w">2024-03-22</subfield>
   <subfield code="y">BK</subfield>
  </datafield>
  <datafield tag="980" ind1=" " ind2=" ">
   <subfield code="a">Thư viện Trường Đại học Nam Cần Thơ</subfield>
  </datafield>
 </record>
</collection>
